Quando è nato? (Personaggi storici) - Statistics

Statistiche generali
  • Questo quiz è stato fatto 36 volte
  • Il punteggio medio è 12 su 30
Statistiche sulle risposte
Domanda Risposta % Corretto
In che anno nacque Cristoforo Colombo? 1451
97%
In che anno nacque Martin Lutero? 1483
58%
In che anno nacque Ferdinando Magellano? 1480
55%
In che anno nacque Sandro Botticelli? 1445
52%
In che anno nacque Leonardo da Vinci? 1452
52%
In che anno nacque Niccolò Machiavelli? 1469
48%
In che anno nacque Niccolò Copernico? 1473
48%
In che anno nacque Elisabetta I d'Inghilterra? 1533
48%
In che anno nacque Galileo Galilei? 1564
45%
In che anno nacque Michelangelo Buonarroti? 1475
42%
In che anno nacque Tiziano Vecellio? 1489
42%
In che anno nacque Isabella di Castiglia? 1451
39%
In che anno nacque Rembrandt van Rijn? 1606
39%
In che anno nacque Filippo Brunelleschi? 1377
36%
In che anno nacque Giovanni Gutenberg? 1397
36%
In che anno nacque Lorenzo de' Medici? 1449
36%
In che anno nacque Carlo V d'Asburgo? 1500
36%
In che anno nacque Blaise Pascal? 1623
36%
In che anno nacque Johannes Vermeer? 1632
36%
In che anno nacque Enrico il Navigatore? 1394
33%
In che anno nacque Carlo VIII di Francia? 1470
33%
In che anno nacque Solimano il Magnifico? 1494
33%
In che anno nacque Gian Lorenzo Bernini? 1598
33%
In che anno nacque Isaac Newton? 1643
33%
In che anno nacque John Locke? 1632
30%
In che anno nacque Luigi XIV? 1638
27%
In che anno nacque Thomas Hobbes? 1588
24%
In che anno nacque Jan van Eyck? 1395
21%
In che anno nacque Giovanni Calvino? 1509
15%
In che anno nacque Cartesio? 1596
15%
Nessun quiz corrispondente trovato
Distribuzione punteggi
Percentuale di utenti per punteggio
Percentile per numero di risposta
I tuoi punteggi nel tempo
Non hai fatto questo quiz